| 000 | 00919nam a2200253 a 4500 | ||
|---|---|---|---|
| 001 | 000028489 | ||
| 005 | 20200930054955.0 | ||
| 008 | 110408s1994 dr 000 0 spa d | ||
| 040 |
_aDO-SdBNP _bspa _cBNPHU |
||
| 082 |
_axxxx _bxxxx |
||
| 245 | 0 | 0 |
_aLengua española : _bteoría y evaluación / _cFernández de Perdomo ...[et al.]. |
| 250 | _a5a ed. | ||
| 260 |
_aSanto Domingo : _bUniversitaria UASD, _c1994. |
||
| 300 |
_a80 p. ; _c28 cm. |
||
| 490 | 1 |
_aPublicaciones de la Universidad Autónoma de Santo Domingo _v740 |
|
| 490 | 1 |
_aExperiencias didácticas _v1 |
|
| 700 | 1 |
_aNivar Fernández, Nora de _955453 |
|
| 700 | 1 |
_aPereyra Torres, Teresa de _955454 |
|
| 700 | 1 |
_aDíaz Pérez , Cristina de _955455 |
|
| 700 | 1 |
_aFernández Perdomo, Yolanda de _955456 |
|
| 830 | 0 |
_aPublicaciones de la Universidad Autónoma de Santo Domingo _n740 _955457 |
|
| 830 | 0 |
_aExperiencias didácticas _n1 _955458 |
|
| 049 | _aBNPD | ||
| 999 |
_c27981 _d27981 |
||